01337nam a2200337Ia 4500001001200000003000800012006001900020007001500039008004100054020002500095020002200120020002200142020002500164040002100189035002100210050002300231100004400254245011700298260004700415300005300462490001900515504005100534533015200585650002100737650003200758655002900790710001700819830002000836856012600856999001700982ebr10288402CaPaEBRm u cr cn|||||||||080905s2009 enkaf sb 001 0 eng d z9780198570875 (hbk.) z0198570872 (hbk.) z0198570880 (pbk.) z9780198570882 (pbk.) aCaPaEBRcCaPaEBR a(OCoLC)32062737814aQH371b.A64 2009eb1 aAngilletta, Michael J.q(Michael James)10aThermal adaptationh[electronic resource] :ba theoretical and empirical synthesis /cMichael J. Angilletta, Jr. aOxford :bOxford University Press,cc2009. axii, 289 p. [1 ] col. plate :bill. (some col.).1 aOxford biology aIncludes bibliographical references and index. aElectronic reproduction.bPalo Alto, Calif. :cebrary,d2011.nAvailable via World Wide Web.nAccess may be limited to ebrary affiliated libraries. 0aHeat adaptation. 0aHeatxPhysiological effect. 7aElectronic books.2local2 aebrary, Inc. 0aOxford biology.40uhttp://site.ebrary.com/lib/rucke/Doc?id=10288402zAn electronic book accessible through the World Wide Web; click to view c15424d15424